00915 2200325 4500001002100000005001500021035002000036007000300056008004100059020002200100040002200122082001700144084001900161100002300180245007800203250002600281300002400307650002000331700002800351850001200379041000800391504002800399264002700427336002100454337003000475338002300505090002100528990002000549990002000569INLIS00000000085070320191129012238 a0010-0819000605ta190829s2017 yoi gr ind d a978-602-1318-57-7 aYOPDYOGbinderda04223a899.2213 a899.2213 PUT s0 aPuthut EAepenulis10aSebuah kitab yang tak suci /cpenulis, Puthut EA; ilustrator, Ega Fansuri aCetakan keempat, 2017 a87 halaman ;c20 cm 4aFiksi Indonesia0 aEga Fansurieilustrator aYOPDYOG0 aind aBibliografi: halaman 8331aSleman :bMojok,c2017 2rdacontentateks 2rdamediaatanpa perantara 2rdacarrieravolume aT 899.2213 PUT s a41644-PD/B.2019 a41645-PD/B.2019